Tilastot visalle Sisilian lähimmät maat - Minuutin sprintti

Klikkaa tästä pelataksesi tätä visaa!

Yleistilastot

  • Tätä visaa on pelattu 5 kertaa
  • Keskiarvotulos 12 / 20

Vastaustilastot

kmmaa% Oikein
394Albania
100%
366Kreikka
100%
81Malta
100%
506Montenegro
100%
463Ranska
100%
634San Marino
100%
738Espanja
75%
415Vatikaanivaltio
75%
530Bosnia ja
Hertsegovina
50%
581Kosovo
50%
504Kroatia
50%
445Libya
50%
760Monaco
50%
642Serbia
50%
792Slovenia
50%
214Algeria
25%
710Bulgaria
25%
527Pohjois-Makedonia
25%
71Tunisia
25%
852Unkari
25%

Tulosjakauma

Persentiili vastausten määrän mukaan

Jokaisen tuloksen saaneiden osuus

Tuloshistoriasi

Et ole pelannut tätä visaa